| 000 | 00425cam a2200157ua 4500 | ||
|---|---|---|---|
| 041 |
_aeng _h |
||
| 082 |
_a573.6 _bSUR/AN |
||
| 100 | _aSurinder, Nath . | ||
| 245 |
_aAnthropometry: The measurement of body size, shape and form / _cSurinder Nath. _hTextual Documents |
||
| 260 |
_aIndia : _bFriends Publications , _c1993. |
||
| 300 | _a339 ; . | ||
| 500 | _a**Reference | ||
| 504 | _a | ||
| 942 | _cBK | ||
| 999 |
_c3968 _d3968 |
||